مكتبة جامعة عجلون الوطنية

فهرس بحث المكتبة

Normal view MARC view
  • الرياضيات - مناهج واساليب تدريس - العراق

Entry Topical Term

Number of records used in: 1

001 - CONTROL NUMBER

  • control field: 57630

003 - CONTROL NUMBER IDENTIFIER

  • control field: JO-AjAnu

005 - DATE AND TIME OF LATEST TRANSACTION

  • control field: 20230606083433.0

008 - FIXED-LENGTH DATA ELEMENTS

  • fixed length control field: 230606|| aca||aabn | a|a d

040 ## - CATALOGING SOURCE

  • Original cataloging agency: JO-AjAnu
  • Transcribing agency: JO-AjAnu

150 ## - HEADING--TOPICAL TERM

  • Topical term or geographic name entry element: الرياضيات - مناهج واساليب تدريس - العراق

670 ## - SOURCE DATA FOUND

  • Source citation: Work cat.: (JO-AjAnu)29405: اعداد الخزعلي، يسرى محمد لعيبي؛ اشراف علي محمد الرعبي , author 57629, اثر استخدام استراتيجية التعلم المتمازج في تنمية التفكير الابداعي لدى طلبة الصف الثاني المتوسط في مادة الرياضيات في العراق=The Effect of using blended learning stategy in developing creative thinking a mong 2nd intermediate students in mathematics in irag